Biggest Mexican Cities A-Z - Statistics

General Stats
  • This quiz has been taken 41 times
  • The average score is 11 of 25
Answer Stats
Letter Population City % Correct
M 8,843,706 México City
100%
T 1,810,645 Tijuana
95%
G 1,385,621 Guadalajara
92%
J 1,501,551 Juárez
76%
A 863,893 Aguascalientes
73%
P 1,542,232 Puebla
73%
D 616,068 Durango
65%
L 1,579,803 León
65%
V 537,963 Veracruz
62%
C 925,762 Chihuahua
59%
E 1,643,623 Ecatepec de Morelos
59%
Q 794,789 Querétaro
59%
H 855,563 Hermosillo
49%
X 443,063 Xalapa-Enríquez
41%
S 864,431 Saltillo
35%
Z 1,257,547 Zapopan
32%
N 1,072,676 Nezahualcóyotl
30%
R 691,557 Reynosa
24%
U 299,523 Uruapan del Progreso
22%
F 143,281 Fresnillo
8%
I 368,585 Ixtapaluca
5%
K 139,753 Kanasín
5%
O 386,290 Ojo de Agua
5%
B 216,776 Buenavista
3%
Y 105,780 Yautepec
0%
No matching quizzes found
Score Distribution
Percent of People with Each Score
Percentile by Number Answered
Your Score History
You have not taken this quiz